Представление документа в формате RUSMARC

ПолеНазваниеЗначение
  Тип записи a
  Библиографический уровень a
001 Контрольный номер RU/CBS_UL/BASE/565289173
005 Дата корректировки 20240209175219.0
100 Данные общей обработки __
a Данные общей обработки 20171129d2017 ||| 0rusy0189 ca
101 Язык документа 0_
a Язык текста rus
102 Страна публикации __
a Страна публикации RU
105 Кодированные данные (монография) __
a Кодированные данные (монография) y###||||000|y
200 Заглавие и сведения об ответственности 1_
a Заглавие Такая удачная жизнь
b Общее обозначение материала Текст
e Сведения, относящиеся к заглавию [статья о жизни и творчестве знаменитого болгарского оперного певца Бориса Рубашкина]
f Первые сведения об ответственности А. Колобаев
300 Общие примечания __
a Общие примечания Ограничения по возрасту -18+
461 Уровень набора _0
1 2000
a Гала Биография
463 Уровень физической единицы _0
1 001RU/CBS_UL/BASE/565283108
1 2000
a № 12
v С. 86-98
1 210
d 2017
600 Персоналии _0
a Персоналии (Фамилия) Рубашкин
b Персоналии (Имя, инициалы) Б.
606 Тематические рубрики 0_
a Основная рубрика Оперные певцы
610 Ключевые слова 0_
a Ключевые слова опера
610 Ключевые слова 0_
a Ключевые слова зарубежная опера
610 Ключевые слова 0_
a Ключевые слова знаменитые певцы
686 Индексы других классификаций __
a Классификационный индекс 85.335.41
2 Код системы ББК
700 Автор _1
a Фамилия Колобаев
b Имя (инициалы) А.
801 Источник записи _0
a Страна RU
b Организация МБУК ЦБС г. Ульяновска
c Дата составления 20171129
g Правила каталогизации RCR
801 Источник записи _1
a Страна RU
b Организация МБУК ЦБС г. Ульяновска
c Дата составления 20171129
g Правила каталогизации RCR
901 Тип документа __
t Тип документа b
w Контрольный № источника RU/CBS_UL/BASE/565283108
910 Корректоры записи __
a Корректор записи Ильина
938 Служебная информация __
a Имя БД period